000 00900nam a2200289 a 4500
003 BLK
005 20231108102343.0
008 180408b bul|||||r ||||||| ||bul||
020 _a9549906728
040 _aBLK
041 _aBUL
_cBUL
080 _aБългарска литература
_b821.163.2
_x-1
_z821.163.2-1
084 _aС 37
100 1 _aСимеонова, Мануела
_9285213
245 1 0 _aПредсказание за лято
_bСтихотворения
_cМануела Симеонова.
257 _aBGR
260 _aРусе
_bб. и.
_c2004
_9441842
300 _a35 с.
_c20 см
380 _aX
500 _aСъдържа и за авт.
852 _bК
_cК 821.163.2-1/С 37 М
856 4 _qpdf
856 4 _qpdf
942 _cKNG
_n0
_s1
944 _c2023
_k30550
_lКети Илиева
999 _c495803
_d495803